000 00606cam a2200229 4500
005 20260322212021.0
008 data
010 _a 77085008
040 _aDLC
_cDLC
_dDLC
050 0 0 _aQL737.C23
_bA2 1969
082 0 0 _a599.7/4428
092 _a599.7 A2 1969
100 1 _aAdamson, Joy.
245 1 4 _aThe spotted sphinx.
_cJoy Adamson.
250 _a[1st American ed.]
260 _aNew York,
_bHarcourt, Brace & World
_c[1969]
300 _a313 p.
_billus. (part col.) map (on lining-papers)
_c26 cm.
350 _a7.95
500 _a"A Helen and Kurt Wolff book."
650 0 _aCheetah.
001 data
999 _c473
_d473